| 000 | 00770nam a2200229 a 4500 | ||
|---|---|---|---|
| 008 | |||
| 020 | _a085092376X | ||
| 049 | _aMAIN | ||
| 090 | _aHC79.E5 | ||
| 245 | 1 | 0 |
_aSustainable Development _b :An Imperative for Environmental Protection / _cReport by a Group of Experts on Environmental Concerns and the Commonwealth |
| 260 |
_aLondon : _bCommonwealth Secretariat, _c1991 |
||
| 300 |
_axii, 157 p. ; _c22 cm. |
||
| 504 | _aIncludes bibliographical references. | ||
| 650 | 1 | _aSustainable Development | |
| 700 | 1 | _aMarstrand, Pauline K | |
| 710 | _aCommonwealth Group of Experts | ||
| 907 |
_a.b10080120 _b04-07-03 _c04-07-03 |
||
| 003 | |||
| 005 | 20230123133317.0 | ||
| 040 | _cNUST | ||
| 942 |
_cBOOKS _kHC79.E5 |
||
| 999 |
_c146405 _d146405 |
||